000
00292nam a22001337a 4500
008
210225b ||||| |||| 00| 0 eng d
020
_a
9780321596321
041
_a
eng
080
_2
2nd
_a
53
100
_a
43
101
_a
FIZ
245
_a
College Physics
_c
Knight ,D.R
942
_2
udc
_c
BK
999
_c
55198
_d
55198